| 000 | 00910pam a2200277 a 4500 | ||
|---|---|---|---|
| 001 | 2350786 | ||
| 003 | OSt | ||
| 005 | 20170518102816.0 | ||
| 008 | 830725r19831983njua b 000 0 eng | ||
| 010 | _a 83016071 | ||
| 020 | _a0138543739 | ||
| 040 |
_aMMU _cMMU _dMMU _beng |
||
| 050 | 1 | 0 |
_aQA76.6 _b.P468 1983 |
| 082 | 0 | 0 |
_a001.64/2/0287 _219 |
| 100 | 1 | _aPerry, William E. | |
| 245 | 1 | 2 |
_aA structured approach to systems testing / _cWilliam E. Perry. |
| 260 |
_aEnglewood Cliffs, N.J. : _bPrentice-Hall, _cc1983. |
||
| 300 |
_a451 p. : _bill. ; _c29 cm. |
||
| 440 | 4 | _aThe QED series | |
| 500 | _aReprint. Originally published: Wellesley, Mass. : QED Information Sciences, c1983. | ||
| 504 | _aBibliography: p. 448-451. | ||
| 650 | 0 |
_aComputer programs _xTesting. |
|
| 650 | 0 |
_aElectronic digital computers _xTesting. |
|
| 906 |
_a7 _bcbc _corignew _d1 _eocip _f19 _gy-gencatlg |
||
| 942 |
_2lcc _cLOAN LOAN |
||
| 999 |
_c23211 _d23211 |
||